Madre de la tierra : (Record no. 196004)
[ view plain ]
| 000 -LEADER | |
|---|---|
| campo de control de longitud fija | 01394nam a2200313 i 4500 |
| 001 - NÚMERO DE CONTROL | |
| campo de control | 196004 |
| 003 - IDENTIFICADOR DE NÚMERO DE CONTROL | |
| campo de control | ES-MaACL |
| 005 - FECHA Y HORA DE LA ÚLTIMA TRANSACCIÓN | |
| campo de control | 20250416063106.0 |
| 008 - DATOS DE LONGITUD FIJA--INFORMACIÓN GENERAL | |
| campo de control de longitud fija | 240809s2023 sp ||||| |||| 00| 0 spa d |
| 020 ## - NÚMERO INTERNACIONAL ESTÁNDAR DEL LIBRO | |
| Número Internacional Estándar del Libro | 9789945907582 |
| 040 ## - FUENTE DE CATALOGACIÓN | |
| Centro catalogador/agencia de origen | ES-MaACL |
| Centro/agencia transcriptor | ES-MaACL |
| 245 ## - MENCIÓN DEL TÍTULO | |
| Título | Madre de la tierra : |
| Resto del título | Antología Internacional de Voces Femeninas por las Defensoras del Medioambiente. |
| 260 ## - PUBLICACIÓN, DISTRIBUCIÓN, ETC. | |
| Lugar de publicación, distribución, etc. | República Dominicana : |
| Nombre del editor, distribuidor, etc. | Editorial Rosado Fucsia, |
| Fecha de publicación, distribución, etc. | 2023. |
| 300 ## - DESCRIPCIÓN FÍSICA | |
| Extensión | 157 pág. : |
| Dimensiones | 22 cm. |
| 336 ## - TIPO DE CONTENIDO | |
| Fuente | rdacontent |
| Término de tipo de contenido | Texto |
| 337 ## - TIPO DE MEDIO | |
| Fuente | rdamedia |
| Nombre/término del tipo de medio | sin mediación |
| 338 ## - TIPO DE SOPORTE | |
| Fuente | rdacarrier |
| Nombre/término del tipo de soporte | volumen |
| 490 ## - MENCIÓN DE SERIE | |
| Mención de serie | Colección Grito de Mujer |
| 520 ## - RESUMEN, ETC. | |
| Sumario, etc. | Poesía escrita por diversas mujeres poetas a nivel internacional rindiendo un homenaje a la madre tierra y a las mujeres activistas que han perdido la vida o sufrido violencia por defender los derechos del Medioambiente. Ellas son las madres de la tierra. |
| 655 #7 - TERMINO DE INDIZACIÓN--GENERO/FORMA | |
| Fuente del término | tgfbne |
| 9 (RLIN) | 176539 |
| Datos o término principal de género/forma | Poesías |
| 700 ## - ENTRADA AGREGADA--NOMBRE PERSONAL | |
| Nombre de persona | Álvarez Moreno, Adriana |
| Término indicativo de función/relación | Autor |
| 9 (RLIN) | 240047 |
| 700 ## - ENTRADA AGREGADA--NOMBRE PERSONAL | |
| Nombre de persona | Narváez Ceballos, Ana Lucía |
| Término indicativo de función/relación | Autor |
| 9 (RLIN) | 240048 |
| 700 ## - ENTRADA AGREGADA--NOMBRE PERSONAL | |
| Nombre de persona | Stjelja, Ana |
| Término indicativo de función/relación | Autor |
| 9 (RLIN) | 240049 |
| 852 ## - LOCALIZACIÓN | |
| Ubicación | ES-MaACL |
| Ubicación en estantería | Depósito J |
| Número de control de estantería | N-9124 |
| Donativo/Legado | Donación: Editorial |
| Encuadernación | Encuadernación rústica |
| itemnumber | 205033 |
| 942 ## - ELEMENTOS DE ENTRADA SECUNDARIOS (KOHA) | |
| Tipo de ítem Koha | Libro impreso |
| Suprimir en OPAC | No |
| Estatus retirado | Estado de pérdida | Fuente del sistema de clasificación o colocación | Estado de daño | No para préstamo | Biblioteca de origen | Biblioteca actual | Ubicación en estantería | Fecha de adquisición | Fuente de adquisición | Total de préstamos | Signatura topográfica completa | Código de barras | Visto por última vez | Precio de reemplazo | Tipo de ítem Koha |
|---|---|---|---|---|---|---|---|---|---|---|---|---|---|---|---|
| Clasificación decimal universal | Biblioteca del Ateneo de Madrid | Biblioteca del Ateneo de Madrid | Depósito J | 14/04/2025 | Donación | N-9124 | 101229880 | 14/04/2025 | 14/04/2025 | Libro impreso |
